| 000 | 00855nam a22003014a 4500 | ||
|---|---|---|---|
| 999 |
_c82977 _d82977 |
||
| 003 | UPN | ||
| 005 | 20240126063537.0 | ||
| 008 | 010702s1998 es r 000 0 spa d | ||
| 020 | _a8437606330 | ||
| 035 | _aUPN01000109066 | ||
| 040 |
_aUPN _bspa _cUPN |
||
| 049 | _aCG | ||
| 050 | 4 |
_aP106 _bL2.58 1998 |
|
| 100 | 1 | _aLakoff, George | |
| 245 | 1 | 0 |
_aMetáforas de la vida cotidiana / _cGeorge Lakoff y Mark Johnson ; tr. de Carmen González Marin. |
| 250 | _a4a ed. | ||
| 260 |
_aMadrid : _bCátedra, _cc1998. |
||
| 300 | _a286 p. | ||
| 490 | _aColección teorema | ||
| 534 |
_pTraducción de : _tMetaphors we live by |
||
| 650 | 4 |
_aLENGUAJE Y LENGUAS - _xFILOSOFIA _919149 |
|
| 650 | 2 |
_aMetáfora _99689 |
|
| 650 | 2 |
_aVerdad _914398 |
|
| 700 | 1 |
_aJohnson, Mark, _d1949- , _ecoaut. |
|
| 902 | _aBDV/npd | ||
| 905 | _aLibro | ||
| 942 |
_2lcc _cLIBRO |
||